[Event "Bronstein Mem Open A 2014"]
[Site "Minsk BLR"]
[Date "2014.02.13"]
[Round "3.16"]
[White "Minasian, Artashes"]
[Black "Korneev, Oleg"]
[Result "1/2-1/2"]
[WhiteTitle "GM"]
[BlackTitle "GM"]
[WhiteElo "2487"]
[BlackElo "2631"]
[WhiteFideId "13300040"]
[BlackFideId "4156803"]
[EventDate "2014.02.11"]

1. Nf3 d5 2. g3 Nf6 3. Bg2 Bf5 4. O-O e6 5. b3 Be7 6. Bb2 O-O 7. d3 h6 8. Nbd2
Bh7 9. e3 c5 10. Qe2 Nc6 11. e4 a5 12. a4 Nb4 13. Rac1 Nd7 14. Ne1 Nb6 15. c3
Na6 16. Nc2 Rc8 17. c4 dxc4 18. dxc4 Nb4 19. Nxb4 cxb4 20. Rcd1 Nd7 21. Nf3 Qe8
22. Nd4 Nc5 23. Qe3 Rd8 24. h4 Rd7 1/2-1/2

[Event "Bronstein Mem Open A 2014"]
[Site "Minsk BLR"]
[Date "2014.02.13"]
[Round "3.17"]
[White "Oleksienko, Mikhailo"]
[Black "Bortnyk, Olexandr"]
[Result "1/2-1/2"]
[WhiteTitle "GM"]
[BlackTitle "IM"]
[WhiteElo "2630"]
[BlackElo "2463"]
[WhiteFideId "4152417"]
[BlackFideId "14120828"]
[EventDate "2014.02.11"]

1. d4 Nf6 2. c4 e6 3. Nf3 b6 4. g3 Bb7 5. Bg2 Be7 6. O-O O-O 7. Re1 d5 8. cxd5
exd5 9. Nc3 Nbd7 10. b3 Re8 11. Bb2 Bb4 12. a3 Bd6 13. Rc1 c6 14. Nd2 Rc8 15. b4
Ba8 16. Qb3 Nf8 17. b5 Ne6 18. e3 Bb8 19. bxc6 Bxc6 20. Nf3 Qd7 21. a4 Ne4 22.
a5 bxa5 23. Qa2 a4 24. Red1 N6g5 25. Nxg5 Nxg5 26. Ba3 Qf5 27. Qe2 h6 28. Rf1
Qd7 29. h4 Ne4 30. Nxe4 Bb5 31. Nf6+ gxf6 32. Qh5 Bxf1 33. Rxf1 Rc3 34. Ra1 Kg7
35. Bb4 Rc4 36. Bc5 Rxc5 37. dxc5 Be5 38. Ra2 Rc8 39. Qd1 Rxc5 40. Rxa4 f5 41.
Bf1 a5 42. Ra2 Qc6 43. Qf3 Qe6 44. Ra4 Qd7 45. Ra3 Bb2 46. Ra2 Bf6 47. Qf4 1/2-1/2

[Event "Bronstein Mem Open A 2014"]
[Site "Minsk BLR"]
[Date "2014.02.14"]
[Round "4.2"]
[White "Rakhmanov, Aleksandr"]
[Black "Jobava, Baadur"]
[Result "1/2-1/2"]
[WhiteTitle "GM"]
[BlackTitle "GM"]
[WhiteElo "2606"]
[BlackElo "2706"]
[WhiteFideId "4173708"]
[BlackFideId "13601520"]
[EventDate "2014.02.11"]

1. c4 Nf6 2. Nc3 d6 3. g3 g6 4. Bg2 Bg7 5. e3 c6 6. Nge2 Be6 7. d3 Qc8 8. h3 Na6
9. e4 h5 10. Be3 Bd7 11. Qd2 Kf8 12. d4 Kg8 13. e5 Ne8 14. f4 Nac7 15. Rd1 Bh6
16. b3 Ng7 17. Bf2 Nce8 18. Ng1 a6 19. Nf3 Rh7 20. d5 c5 21. e6 fxe6 22. g4 exd5
23. Nxd5 Ne6 24. g5 Bf8 25. Nh4 Qd8 26. Nxg6 N6g7 27. Nxf8 Kxf8 28. g6 Rh6 29.
f5 Nxf5 30. Bh4 Nf6 31. Bxf6 exf6 32. Nf4 Kg7 33. O-O Nd4 34. Qf2 h4 35. Bxb7
Ra7 36. Bd5 Bf5 37. Rfe1 Re7 38. Rxe7+ Qxe7 39. Re1 Qd7 40. Kh2 Bxg6 41. Qe3 f5
42. Rg1 Kh7 43. Bg8+ Kg7 44. Bd5 Kh7 45. Bg8+ Kg7 46. Bd5 Kh7 1/2-1/2

[Event "Bronstein Mem Open A 2014"]
[Site "Minsk BLR"]
[Date "2014.02.14"]
[Round "4.3"]
[White "Akopian, Vladimir"]
[Black "Ter-Sahakyan, Samvel"]
[Result "1/2-1/2"]
[WhiteTitle "GM"]
[BlackTitle "GM"]
[WhiteElo "2682"]
[BlackElo "2575"]
[WhiteFideId "13300032"]
[BlackFideId "13302531"]
[EventDate "2014.02.11"]

1. e4 c5 2. Nf3 d6 3. d4 cxd4 4. Nxd4 Nf6 5. Nc3 Nc6 6. Bg5 a6 7. Qd2 Nxd4 8.
Qxd4 Qa5 9. Bd2 Qc7 10. Nd5 Nxd5 11. exd5 e5 12. dxe6 Bxe6 13. O-O-O Qc5 14.
Qxc5 dxc5 15. Bc3 f6 16. g3 Rd8 17. Bg2 Rxd1+ 18. Rxd1 Bc8 19. h4 Be7 20. Bd5 b6
21. a4 Kd7 22. h5 h6 23. Re1 Bd6 24. Be6+ Kc6 25. f4 Bxe6 26. Rxe6 Kd5 27. Re2
b5 28. axb5 axb5 29. b3 Rd8 30. Kd1 Ra8 31. Bb2 Kc6 32. c4 Rb8 33. Kc2 Rd8 34.
Re6 Kd7 35. Re4 Kc6 36. g4 Rf8 37. f5 Rb8 38. Bc3 bxc4 39. bxc4 Ra8 40. Re6 Kd7
41. Re2 Ra2+ 42. Kd3 Ra3 43. Kc2 Ra2+ 44. Kd3 Ra3 1/2-1/2

[Event "Bronstein Mem Open A 2014"]
[Site "Minsk BLR"]
[Date "2014.02.14"]
[Round "4.5"]
[White "Bernadskiy, Vitaliy"]
[Black "Shimanov, Aleksandr"]
[Result "0-1"]
[WhiteTitle "IM"]
[BlackTitle "GM"]
[WhiteElo "2565"]
[BlackElo "2658"]
[WhiteFideId "14100371"]
[BlackFideId "4198603"]
[EventDate "2014.02.11"]

1. Nf3 d5 2. g3 g6 3. Bg2 Bg7 4. d4 Nc6 5. O-O e6 6. c4 Nge7 7. Nc3 O-O 8. cxd5
exd5 9. Bf4 Bg4 10. Nb5 Rc8 11. Ne5 Nxe5 12. Bxe5 Qd7 13. Bxg7 Kxg7 14. Nc3 c6
15. Re1 Bh3 16. Bh1 Nf5 17. e3 h5 18. b4 h4 19. Qf3 hxg3 20. hxg3 Rh8 21. b5 Rh6
22. bxc6 bxc6 23. Qf4 Rch8 24. e4 Bf1 25. Bf3 Nxd4 26. Rxf1 Qh3 27. Rfb1 Qh1+
28. Bxh1 Rxh1+ 29. Kg2 R8h2# 0-1

[Event "Bronstein Mem Open A 2014"]
[Site "Minsk BLR"]
[Date "2014.02.14"]
[Round "4.11"]
[White "Mamedov, Rauf"]
[Black "Chatalbashev, Boris"]
[Result "1-0"]
[WhiteTitle "GM"]
[BlackTitle "GM"]
[WhiteElo "2659"]
[BlackElo "2522"]
[WhiteFideId "13401653"]
[BlackFideId "2900440"]
[EventDate "2014.02.11"]

1. e4 g6 2. d4 Bg7 3. Nf3 d6 4. Nc3 Nf6 5. Be2 O-O 6. O-O c5 7. d5 e6 8. h3 exd5
9. exd5 Re8 10. Bf4 Na6 11. Qd2 Nc7 12. Bg5 Bf5 13. Nh4 Qd7 14. Nxf5 Qxf5 15. g4
Qd7 16. Bf3 h5 17. Bxf6 Bxf6 18. Ne4 Rxe4 19. Bxe4 hxg4 20. hxg4 Qxg4+ 21. Bg2
Kg7 22. Rfe1 Rh8 23. Re4 Qh5 24. Rd1 Qh2+ 25. Kf1 Rh5 26. Qf4 Qxf4 27. Rxf4 Bxb2
28. Rb1 Be5 29. Ra4 Bd4 30. Rxb7 Nxd5 31. Raxa7 Nf6 32. Rxf7+ Kh6 33. Ra3 c4 34.
Rh3 Rxh3 35. Bxh3 Kg5 36. a4 Bc3 37. a5 Bxa5 38. f4+ Kh4 39. Rxf6 Kxh3 40. Rxg6 1-0

[Event "Bronstein Mem Open A 2014"]
[Site "Minsk BLR"]
[Date "2014.02.14"]
[Round "4.12"]
[White "Popov, Ivan RUS"]
[Black "Kveinys, Aloyzas"]
[Result "1-0"]
[WhiteTitle "GM"]
[BlackTitle "GM"]
[WhiteElo "2653"]
[BlackElo "2526"]
[WhiteFideId "4170350"]
[BlackFideId "12800040"]
[EventDate "2014.02.11"]

1. e4 c5 2. Nf3 e6 3. d4 cxd4 4. Nxd4 a6 5. c4 Nf6 6. Nc3 Qc7 7. Be2 Bb4 8. O-O
Nc6 9. Nxc6 dxc6 10. Be3 e5 11. Na4 Qe7 12. Qc2 O-O 13. c5 Ng4 14. Bc1 Be6 15.
f3 Nf6 16. Be3 Rad8 17. a3 Ba5 18. Nb6 Bxb6 19. cxb6 Nd7 20. b4 Rfe8 21. Qc3 Qf6
22. Rad1 Nf8 23. f4 Rxd1 24. Rxd1 exf4 25. Qxf6 gxf6 26. Bxf4 Bb3 27. Rd2 Ra8
28. Bh6 Ba4 29. Bxf8 Kxf8 30. Rd7 1-0

[Event "Bronstein Mem Open A 2014"]
[Site "Minsk BLR"]
[Date "2014.02.14"]
[Round "4.14"]
[White "Kovalenko, Igor"]
[Black "Minasian, Artashes"]
[Result "1-0"]
[WhiteTitle "GM"]
[BlackTitle "GM"]
[WhiteElo "2642"]
[BlackElo "2487"]
[WhiteFideId "14117908"]
[BlackFideId "13300040"]
[EventDate "2014.02.11"]

1. d4 Nf6 2. c4 c5 3. d5 g6 4. Nc3 Bg7 5. e4 d6 6. h3 O-O 7. Nf3 a6 8. a4 b6 9.
Bd3 Ra7 10. O-O e5 11. Re1 a5 12. Ra3 h6 13. Bd2 Nh7 14. Qc1 f5 15. Bxh6 Bxh6
16. Qxh6 f4 17. Nb5 Rg7 18. Be2 Na6 19. h4 Nb4 20. Rc3 Kf7 21. Ng5+ Nxg5 22.
Qxg5 Rh7 23. Qxd8 Rxd8 24. g3 g5 25. hxg5 Rdh8 26. Bf3 Bg4 27. Bxg4 Rh1+ 28. Kg2
Rxe1 29. Nxd6+ Kg6 30. Bf5+ Kg7 31. gxf4 exf4 32. Kf3 Rh2 33. Kxf4 Rxf2+ 34. Ke5
Rd2 35. Rf3 Rd3 36. Rxd3 Nxd3+ 37. Ke6 Nxb2 38. g6 Rg1 39. e5 Nxa4 40. Kd7 b5
41. e6 Re1 42. e7 Nb6+ 43. Kd8 1-0

[Event "Bronstein Mem Open A 2014"]
[Site "Minsk BLR"]
[Date "2014.02.14"]
[Round "4.15"]
[White "Hovhanisian, Mher"]
[Black "Fedorchuk, Sergey A."]
[Result "1/2-1/2"]
[WhiteTitle "IM"]
[BlackTitle "GM"]
[WhiteElo "2516"]
[BlackElo "2641"]
[WhiteFideId "13300865"]
[BlackFideId "14102536"]
[EventDate "2014.02.11"]

1. e4 c5 2. c3 d5 3. exd5 Qxd5 4. d4 e6 5. Nf3 Nf6 6. Be2 Nc6 7. O-O cxd4 8.
cxd4 Be7 9. Nc3 Qd6 10. Nb5 Qd8 11. Bf4 Nd5 12. Bg3 O-O 13. Bc4 a6 14. Bxd5 axb5
15. Be4 Nb4 16. a3 1/2-1/2

[Event "Bronstein Mem Open A 2014"]
[Site "Minsk BLR"]
[Date "2014.02.15"]
[Round "5.2"]
[White "Shimanov, Aleksandr"]
[Black "Durarbayli, Vasif"]
[Result "1/2-1/2"]
[WhiteTitle "GM"]
[BlackTitle "GM"]
[WhiteElo "2658"]
[BlackElo "2580"]
[WhiteFideId "4198603"]
[BlackFideId "13402935"]
[EventDate "2014.02.11"]

1. c4 Nf6 2. Nc3 c5 3. Nf3 e6 4. g3 b6 5. Bg2 Bb7 6. O-O d6 7. b3 Be7 8. d4 cxd4
9. Qxd4 O-O 10. Rd1 Nbd7 11. e4 Qc8 12. Ba3 Nc5 13. e5 dxe5 14. Nxe5 Bxg2 15.
Kxg2 Qb7+ 16. f3 a6 17. Qf4 Rac8 18. Rac1 Qb8 19. Qe3 Bd6 20. Nd3 h5 21. Nxc5
Bxc5 22. Bxc5 Rxc5 23. Ne4 Nxe4 24. Qxe4 Re5 25. Qd3 Rc8 26. Rc2 Qb7 27. Qd7 Qa8
28. Rcd2 Kh7 29. Qd3+ g6 30. Qc3 Rf5 31. h3 h4 32. g4 Rf4 33. Qe3 Rf6 34. Rd3
Kg7 35. Qxb6 e5 36. Qe3 Rxf3 37. Qxe5+ Rf6+ 38. Kg1 Re8 39. Qb2 Qa7+ 40. Qd4
Qxd4+ 41. Rxd4 Re3 42. R4d3 Re2 43. R3d2 Re3 44. Rd3 Re2 45. R3d2 Re3 1/2-1/2

[Event "Bronstein Mem Open A 2014"]
[Site "Minsk BLR"]
[Date "2014.02.15"]
[Round "5.5"]
[White "Jobava, Baadur"]
[Black "Savchenko, Boris"]
[Result "1-0"]
[WhiteTitle "GM"]
[BlackTitle "GM"]
[WhiteElo "2706"]
[BlackElo "2556"]
[WhiteFideId "13601520"]
[BlackFideId "4147332"]
[EventDate "2014.02.11"]

1. d4 Nf6 2. Nc3 d5 3. Bf4 a6 4. e3 g6 5. h4 Bg7 6. h5 Nxh5 7. Rxh5 gxh5 8. Qxh5
c6 9. Nf3 h6 10. O-O-O Nd7 11. Qh2 Nf8 12. Bc7 Qd7 13. Be2 Ne6 14. Be5 b5 15.
Rh1 f6 16. Bg3 Ng5 17. Ne1 O-O 18. Nd3 Qf5 19. Bf4 a5 20. Nc5 Qh7 21. g4 Qg6 22.
Bc7 b4 23. N3a4 e5 24. Nb6 Ra7 25. Bd6 Re8 26. f4 Nf7 27. g5 Nxd6 28. Bh5 Qf5
29. gxh6 Ree7 30. hxg7 Rxg7 31. fxe5 fxe5 32. Nxc8 Nxc8 33. Bg6 Qxg6 34. Qh8+
Kf7 35. Rf1+ 1-0

[Event "Bronstein Mem Open A 2014"]
[Site "Minsk BLR"]
[Date "2014.02.15"]
[Round "5.6"]
[White "Ter-Sahakyan, Samvel"]
[Black "Grachev, Boris"]
[Result "0-1"]
[WhiteTitle "GM"]
[BlackTitle "GM"]
[WhiteElo "2575"]
[BlackElo "2669"]
[WhiteFideId "13302531"]
[BlackFideId "4129199"]
[EventDate "2014.02.11"]

1. e4 c5 2. Nf3 e6 3. d4 cxd4 4. Nxd4 Nc6 5. Nc3 a6 6. Nxc6 bxc6 7. Bd3 d5 8.
O-O Nf6 9. Qf3 Be7 10. e5 Nd7 11. Qg3 Kf8 12. Na4 h5 13. c4 Qa5 14. Bc2 h4 15.
Qe3 h3 16. g3 dxc4 17. Re1 Rb8 18. Bd2 Qd5 19. Be4 Qxe5 20. Qf3 Qc7 21. Bxc6 Bb7
22. Bxb7 Qxb7 23. Qxb7 Rxb7 24. Rac1 Bb4 25. Rxc4 Bxd2 26. Rd1 Ke7 27. Rxd2 Ne5
28. Rc3 g5 29. f3 Rc8 30. Kf2 Rxc3 31. Nxc3 g4 32. fxg4 Nxg4+ 33. Kf3 f5 34. Nd1
Rb8 35. Ne3 Rd8 36. Re2 Rd3 37. b4 Kf6 38. a4 e5 0-1

[Event "Bronstein Mem Open A 2014"]
[Site "Minsk BLR"]
[Date "2014.02.15"]
[Round "5.7"]
[White "Malakhatko, Vadim"]
[Black "Mamedov, Rauf"]
[Result "1/2-1/2"]
[WhiteTitle "GM"]
[BlackTitle "GM"]
[WhiteElo "2539"]
[BlackElo "2659"]
[WhiteFideId "14104202"]
[BlackFideId "13401653"]
[EventDate "2014.02.11"]

1. d4 Nf6 2. c4 g6 3. Nc3 Bg7 4. e4 d6 5. Nf3 O-O 6. Be2 c5 7. O-O cxd4 8. Nxd4
Nc6 9. Be3 Nxd4 10. Bxd4 Bd7 11. Qd2 Bc6 12. f3 a5 13. Rab1 Nd7 14. Be3 Nc5 15.
b3 Qb6 16. Rfc1 1/2-1/2

[Event "Bronstein Mem Open A 2014"]
[Site "Minsk BLR"]
[Date "2014.02.15"]
[Round "5.8"]
[White "Lintchevski, Daniil"]
[Black "Popov, Ivan RUS"]
[Result "1/2-1/2"]
[WhiteTitle "GM"]
[BlackTitle "GM"]
[WhiteElo "2537"]
[BlackElo "2653"]
[WhiteFideId "4171055"]
[BlackFideId "4170350"]
[EventDate "2014.02.11"]

1. Nf3 c5 2. c4 Nc6 3. Nc3 g6 4. e3 Nf6 5. d4 cxd4 6. exd4 d5 7. cxd5 Nxd5 8.
Qb3 e6 9. Bg5 Be7 10. Bh6 Bf8 11. Bg5 Be7 1/2-1/2

[Event "Bronstein Mem Open A 2014"]
[Site "Minsk BLR"]
[Date "2014.02.15"]
[Round "5.11"]
[White "Zenzera, Alexey"]
[Black "Ponkratov, Pavel"]
[Result "1/2-1/2"]
[WhiteTitle "IM"]
[BlackTitle "GM"]
[WhiteElo "2419"]
[BlackElo "2611"]
[WhiteFideId "4102665"]
[BlackFideId "4157800"]
[EventDate "2014.02.11"]

1. Nf3 Nf6 2. c4 e6 3. g3 d5 4. Bg2 a6 5. b3 Be7 6. O-O O-O 7. d4 dxc4 8. bxc4
c5 9. e3 Nc6 10. Bb2 cxd4 11. exd4 Na5 12. Nbd2 b5 13. Ne5 Bb7 14. Bxb7 Nxb7 15.
a4 Na5 16. axb5 axb5 17. cxb5 Qd5 18. Qa4 h5 19. Bc3 Nb7 20. Qb3 Qxb3 21. Nxb3
Nd5 22. Nc6 Ba3 23. Nba5 Nxc3 24. Nxb7 Nxb5 25. Rfb1 Rfc8 26. Rxb5 Rxc6 27. Rxh5
Rca6 28. Rb5 Be7 29. Rxa6 Rxa6 30. Nc5 Ra1+ 31. Kg2 Bf6 32. Rb4 Rd1 33. Nb3 Rb1
34. Rb5 Rb2 35. Kf3 Bg5 36. h4 Bd2 37. d5 exd5 38. Nd4 Rxb5 39. Nxb5 Ba5 40. Nd4
Kf8 41. Nf5 g6 42. Ne3 d4 43. Nc4 Bc3 44. Ne5 Ke7 45. Ke4 f5+ 46. Kd3 Kf6 47.
Nf3 Ba5 48. Nxd4 Bb6 49. f3 Ba7 50. Kc4 Bb8 51. Ne2 Ba7 52. Kd5 Bf2 53. Kd6 Be1
54. Kd7 Kf7 55. Kd6 1/2-1/2

[Event "Bronstein Mem Open A 2014"]
[Site "Minsk BLR"]
[Date "2014.02.15"]
[Round "5.12"]
[White "Zhigalko, Andrey"]
[Black "Sarana, Alexey"]
[Result "1/2-1/2"]
[WhiteTitle "GM"]
[WhiteElo "2607"]
[BlackElo "2295"]
[WhiteFideId "13502247"]
[BlackFideId "24133795"]
[EventDate "2014.02.11"]

1. d4 Nf6 2. c4 g6 3. Nc3 d5 4. cxd5 Nxd5 5. e4 Nxc3 6. bxc3 Bg7 7. Nf3 c5 8.
Be3 Qa5 9. Qd2 Nc6 10. Rc1 cxd4 11. cxd4 Qxd2+ 12. Kxd2 O-O 13. d5 Rd8 14. Kc2
Na5 15. Bg5 Bd7 16. Kb1 Kf8 17. Bd2 b6 18. Rc7 f5 19. Bd3 fxe4 20. Bxe4 Bf5 21.
Bxf5 gxf5 22. Re1 Rac8 23. Rexe7 Rxc7 24. Rxc7 Rxd5 25. Rxa7 Rb5+ 26. Kc2 Nc6
27. Ra4 Rc5+ 28. Kd3 b5 29. Ra8+ Kf7 30. h4 h5 31. a3 Rc4 32. Ra6 Ne5+ 33. Nxe5+
Bxe5 34. Ra5 Rxh4 35. Rxb5 Ke6 36. Ke2 Ra4 37. Ra5 Rc4 38. a4 Rc2 39. Kd3 Ra2
40. g3 Bf6 41. Ra6+ Kf7 42. a5 h4 43. gxh4 Bxh4 44. f4 Bd8 45. Bb4 Rf2 46. Bd2
Ke7 47. Rc6 Bxa5 48. Bxa5 Rxf4 49. Bd2 Rg4 50. Ke3 Re4+ 51. Kf3 Ra4 52. Bg5+ Kd7
53. Rf6 Ra5 54. Kf4 Rd5 55. Ra6 Rb5 56. Bf6 Rb1 57. Kxf5 Rf1+ 58. Ke4 Rb1 59.
Be5 Rb5 60. Rd6+ Ke7 61. Kf5 Rb7 62. Ra6 Kf7 63. Rh6 Rd7 64. Bd6 Ke8 65. Ke5 Rf7
66. Ke6 Re7+ 67. Kd5 Rg7 68. Rh8+ Kd7 69. Rf8 Rh7 70. Be5 Re7 71. Rb8 Rf7 72.
Ra8 Ke7 73. Bd6+ Kf6 74. Ra1 Kf5 75. Re1 Rf6 76. Be7 Rg6 77. Rf1+ Kg4 78. Bf6
Kh5 79. Ke5 Rg2 80. Kf5 Rg5+ 81. Ke6 Rg2 82. Kf7 Kg4 83. Kg6 Rc2 84. Rf5 Rc6 85.
Rd5 Kf4 86. Rd4+ Ke3 87. Ra4 Kf3 88. Kf5 Rc5+ 89. Be5 Ke3 90. Ra3+ Ke2 91. Ke4
Rc4+ 92. Bd4 Rc2 93. Bc3 Kf2 94. Kd3 Re2 95. Bd4+ 1/2-1/2

[Event "Bronstein Mem Open A 2014"]
[Site "Minsk BLR"]
[Date "2014.02.15"]
[Round "5.13"]
[White "Aghasaryan, Robert"]
[Black "Rakhmanov, Aleksandr"]
[Result "0-1"]
[WhiteTitle "FM"]
[BlackTitle "GM"]
[WhiteElo "2467"]
[BlackElo "2606"]
[WhiteFideId "13302841"]
[BlackFideId "4173708"]
[EventDate "2014.02.11"]

1. d4 d6 2. Nf3 Nf6 3. c4 g6 4. Nc3 Bf5 5. g3 Ne4 6. Nxe4 Bxe4 7. Bh3 d5 8. O-O
Bxf3 9. exf3 dxc4 10. Re1 Nd7 11. d5 Nb6 12. Qd4 Rg8 13. Rd1 c6 14. Bg5 Nxd5 15.
Qxc4 h6 16. Be3 e6 17. b4 Qd7 18. Rac1 a6 19. a4 f5 20. b5 cxb5 21. axb5 Qxb5
22. Qa2 Qd7 23. f4 Rc8 24. Rb1 Bc5 25. Bg2 Bxe3 26. Bxd5 exd5 27. Rxd5 Bxf2+ 28.
Kxf2 Qc7 29. Re1+ Kf8 30. Re2 Rg7 31. Rde5 Rf7 32. Qb2 Kg8 33. Re6 Kh7 34. Kg2
Qd7 35. h4 h5 36. Qe5 Qb5 37. Qe3 Qd5+ 38. Kh2 Rcf8 39. Rd2 Qc4 40. Rdd6 Rg7 41.
Qe5 Qc2+ 42. Kh3 Qe4 43. Qa1 Qc4 44. Kh2 Rc8 45. Qe1 Qc1 46. Qf2 Rc2 47. Re2
Rgc7 48. Red2 Rxd2 49. Rxd2 Re7 50. Rc2 Qd1 51. Rd2 Qc1 52. Rc2 Qd1 53. Rd2 Qg4
54. Kg1 a5 55. Rd3 a4 56. Qb2 a3 57. Qb4 Qe2 0-1

[Event "Bronstein Mem Open A 2014"]
[Site "Minsk BLR"]
[Date "2014.02.15"]
[Round "5.14"]
[White "Kovalev, Vladislav"]
[Black "Sargissian, Gabriel"]
[Result "1/2-1/2"]
[WhiteTitle "GM"]
[BlackTitle "GM"]
[WhiteElo "2557"]
[BlackElo "2671"]
[WhiteFideId "13504398"]
[BlackFideId "13300881"]
[EventDate "2014.02.11"]

1. e4 e5 2. Nf3 Nc6 3. Bb5 a6 4. Ba4 Nf6 5. O-O Be7 6. Re1 b5 7. Bb3 d6 8. c3
O-O 9. h3 Nb8 10. d4 Nbd7 11. Nbd2 Bb7 12. Bc2 Re8 13. Nf1 Bf8 14. Ng3 g6 15. a4
c6 16. Bg5 Bg7 17. Qd2 Qe7 18. b4 Nb6 19. Bb3 bxa4 20. Bxa4 Nxa4 21. Rxa4 Qe6
22. Bh6 Bh8 23. Ng5 Qe7 24. f4 exf4 25. Qxf4 Nd5 26. Qd2 f6 27. Nf3 Nb6 28. Raa1
Qf7 1/2-1/2

[Event "Bronstein Mem Open A 2014"]
[Site "Minsk BLR"]
[Date "2014.02.15"]
[Round "5.15"]
[White "Romanov, Evgeny"]
[Black "Gabuzyan, Hovhannes"]
[Result "0-1"]
[WhiteTitle "GM"]
[BlackTitle "GM"]
[WhiteElo "2653"]
[BlackElo "2534"]
[WhiteFideId "4148843"]
[BlackFideId "13303732"]
[EventDate "2014.02.11"]

1. e4 c5 2. Nf3 d6 3. d4 Nf6 4. dxc5 Nxe4 5. cxd6 Nxd6 6. Nc3 Nc6 7. Be3 g6 8.
Nb5 Bg7 9. Nxd6+ exd6 10. c3 O-O 11. Be2 Re8 12. O-O d5 13. Qd2 Bf5 14. Rfe1 Qa5
15. Rad1 Qxa2 16. Ra1 Qb3 17. Rec1 d4 18. Nxd4 Nxd4 19. cxd4 Red8 20. Ra5 Be4
21. Bc4 Qb6 22. Rb5 Qd6 23. d5 Be5 24. f3 Bxh2+ 25. Kh1 Re8 26. fxe4 Rxe4 27.
Qf2 Bg3 28. Qf3 Rae8 29. Rxb7 f5 30. Rb3 Rh4+ 31. Kg1 Bh2+ 32. Kf1 Rxe3 33. Qxe3
Rf4+ 34. Ke2 Re4 35. Qxe4 fxe4 36. Rb7 Bf4 37. Rc3 Bg5 38. Bb5 Bd8 39. Rc8 Qf6
40. Rd7 Qxb2+ 41. Ke3 Qa3+ 42. Kxe4 Qb4+ 43. Bc4 Qe1+ 44. Kf3 Qc3+ 45. Ke4 Qe1+
46. Kd3 Qg3+ 47. Kd2 Qf4+ 48. Kc3 Qc1+ 49. Kb4 a5+ 50. Kc5 Qe3+ 51. Kd6 Qf4+ 52.
Kc5 Qf2+ 53. Kd6 Qf6+ 0-1

[Event "Bronstein Mem Open A 2014"]
[Site "Minsk BLR"]
[Date "2014.02.15"]
[Round "5.16"]
[White "Berg, Emanuel"]
[Black "Khairullin, Ildar"]
[Result "1/2-1/2"]
[WhiteTitle "GM"]
[BlackTitle "GM"]
[WhiteElo "2549"]
[BlackElo "2651"]
[WhiteFideId "1704060"]
[BlackFideId "4151348"]
[EventDate "2014.02.11"]

1. e4 c5 2. d4 cxd4 3. c3 dxc3 4. Nxc3 Nc6 5. Nf3 e6 6. Bc4 a6 7. O-O b5 8. Bb3
Bb7 9. a4 b4 10. Nd5 Na5 11. Bg5 Be7 12. Nxe7 Nxe7 13. Bc2 f6 14. Bd2 Nac6 15.
Be3 a5 16. Bb3 d5 17. exd5 Nxd5 18. Bc5 Kf7 19. Re1 Re8 20. Qd3 g6 21. Rad1 Kg7
22. Qb5 Qc7 23. Bxd5 exd5 24. Rxe8 Rxe8 25. Rxd5 Rd8 26. Rxd8 Nxd8 27. Qb6 Qxb6
28. Bxb6 Nc6 29. Nd2 Ba6 30. Nb3 Bc4 31. Nxa5 Nxa5 32. Bxa5 Bb3 33. Bxb4 Bxa4
34. Kf1 Kf7 35. Ke2 Ke6 36. Ke3 Bc6 37. g3 h5 38. Bc3 f5 39. Kd4 Bf3 40. h4 Be4
41. b4 Bf3 42. Bd2 Be4 43. Bh6 Bf3 44. Bg5 Be4 45. Bf4 Bf3 46. b5 Be4 47. Kc5
Kd7 48. Bd2 Bf3 49. Bc3 Be4 50. Kd4 Ke6 51. Ke3 Bd5 52. Kf4 Bc4 53. b6 Bd5 54.
Kg5 Kf7 55. f4 Be4 56. Be1 Bf3 57. g4 fxg4 58. Bg3 Be4 59. f5 gxf5 60. Kxh5 Kg7
61. Kg5 Kh7 62. Bf4 Kg7 63. Bd6 Kh7 64. Bc7 Kg7 65. Bb8 Kh7 66. Bc7 Kg7 67. Bd6
Kh7 68. Bb8 Kg7 69. Bh2 Kh7 70. Be5 Kg8 71. Kf6 Kh7 72. Bf4 Kg8 73. Be5 Kh7 74.
Kg5 Kg8 75. Kh6 Bf3 76. Bg3 Kf7 77. Bf4 Bd5 78. h5 Be4 79. Bg3 Kg8 80. Be5 f4
81. Bxf4 Bf3 82. Kg6 Be4+ 83. Kg5 Bf3 84. Kf6 Kh7 85. Kf5 Kg7 86. Be3 Kh7 87.
Ke5 Kg7 88. Kd6 g3 89. Kc7 g2 90. b7 Bxb7 91. Kxb7 g1=Q 92. Bxg1 Kh6 93. Be3+
Kxh5 1/2-1/2

[Event "Bronstein Mem Open A 2014"]
[Site "Minsk BLR"]
[Date "2014.02.15"]
[Round "5.18"]
[White "Fedorchuk, Sergey A."]
[Black "Pavlov, Sergey2"]
[Result "1/2-1/2"]
[WhiteTitle "GM"]
[BlackTitle "IM"]
[WhiteElo "2641"]
[BlackElo "2485"]
[WhiteFideId "14102536"]
[BlackFideId "14114330"]
[EventDate "2014.02.11"]

1. d4 d6 2. Nf3 Nf6 3. c4 g6 4. Nc3 Bg7 5. e4 O-O 6. h3 e5 7. dxe5 dxe5 8. Be3
Nbd7 9. Be2 Qe7 10. O-O c6 11. Qc2 Nh5 12. Rfe1 Nf4 13. Bf1 Qf6 14. Kh2 Re8 15.
Ne2 Ne6 16. c5 Qe7 17. b4 a5 18. a3 1/2-1/2

[Event "Bronstein Mem Open A 2014"]
[Site "Minsk BLR"]
[Date "2014.02.16"]
[Round "6.2"]
[White "Kovalenko, Igor"]
[Black "Jobava, Baadur"]
[Result "0-1"]
[WhiteTitle "GM"]
[BlackTitle "GM"]
[WhiteElo "2642"]
[BlackElo "2706"]
[WhiteFideId "14117908"]
[BlackFideId "13601520"]
[EventDate "2014.02.11"]

1. d4 Nf6 2. c4 c5 3. d5 g6 4. Nc3 Bg7 5. e4 O-O 6. Nf3 e6 7. h3 exd5 8. exd5 a6
9. a4 Re8+ 10. Be2 d6 11. O-O Nbd7 12. Bf4 Nf8 13. Nd2 h6 14. Bh2 g5 15. Re1 Bf5
16. Qb3 Ng6 17. Bf3 Re7 18. Re2 Bd3 19. Ree1 Nh4 20. Rad1 Qe8 21. Rxe7 Qxe7 22.
Qb6 Rd8 23. Kh1 Nxf3 24. Nxf3 Bxc4 25. b3 g4 26. hxg4 Nxg4 27. Bg3 Bxc3 28. bxc4
Bf6 29. Re1 Qd7 30. a5 h5 31. Rb1 Qf5 32. Kg1 Kg7 33. Qb3 Re8 34. Qd1 Bc3 35.
Rxb7 Qf6 36. Bh4 Qf4 37. Qb1 Re1+ 38. Nxe1 Qh2+ 39. Kf1 Qxh4 40. Nd3 Qh1+ 41.
Ke2 Qxg2 0-1

[Event "Bronstein Mem Open A 2014"]
[Site "Minsk BLR"]
[Date "2014.02.16"]
[Round "6.5"]
[White "Rakhmanov, Aleksandr"]
[Black "Shimanov, Aleksandr"]
[Result "1/2-1/2"]
[WhiteTitle "GM"]
[BlackTitle "GM"]
[WhiteElo "2606"]
[BlackElo "2658"]
[WhiteFideId "4173708"]
[BlackFideId "4198603"]
[EventDate "2014.02.11"]

1. c4 e6 2. Nc3 d5 3. d4 c6 4. Nf3 Nf6 5. e3 a6 6. Bd3 dxc4 7. Bxc4 b5 8. Be2 c5
9. dxc5 Qxd1+ 10. Bxd1 Bxc5 11. a3 Bb7 12. b4 Bd6 13. Bb2 Nbd7 14. O-O Ke7 15.
Nd2 Nb6 16. Be2 Rac8 17. Rac1 Rhd8 18. Ncb1 Na4 19. Ba1 e5 20. Nb3 g6 21. Rxc8
Rxc8 22. Rc1 Rxc1+ 23. Nxc1 Nd5 24. Bd1 f5 25. Bxa4 bxa4 26. Nd3 e4 27. Nc5 Bxc5
28. bxc5 Bc6 29. Kf1 Kd7 30. Ke1 Nc7 31. Kd2 Ne6 32. Bd4 Bb5 33. Nc3 Kc6 34. h4
Nxc5 35. Bxc5 Kxc5 36. g3 Kd6 37. Kc2 Ke5 38. Kd2 h6 39. Kc2 g5 40. hxg5 hxg5
41. Kd2 Bc6 42. Ne2 Bb5 43. Nd4 f4 1/2-1/2